Statistics for Country Anagrams

Click here to take the quiz!

General Stats

  • This quiz has been taken 44 times
  • The average score is 21 of 32

Answer Stats

HintAnswer% Correct
MailMali
95%
PainsSpain
91%
RainIran
88%
PurePeru
88%
ChainChina
86%
ReignNiger
86%
MoanOman
86%
AlsoLaos
84%
EnemyYemen
84%
AnalogAngola
81%
PlaneNepal
79%
Mango OilMongolia
77%
TangoTonga
77%
Dark MenDenmark
74%
RabiesSerbia
70%
RegaliaAlgeria
67%
Rent AgainArgentina
65%
Our HandsHonduras
63%
Moon RaceCameroon
60%
Neon LabLebanon
60%
Lizard NewtsSwitzerland
60%
Lab UserBelarus
56%
SerialIsrael
56%
Laced InIceland
53%
Mistaken TurnTurkmenistan
53%
Bag HandlesBangladesh
47%
A MarineArmenia
42%
A GardenGrenada
37%
Earlier OnesSierra Leone
37%
Salad LoverEl Salvador
35%
Prison AgeSingapore
35%
A Chaos FruitSouth Africa
30%

Score Distribution

Percentile by Number Answered

Percent of People with Each Score

Your Score History

You have not taken this quiz